LEADER 01206nam a2200301 i 4500 001 000000145260 003 CaOOAMICUS 005 20051121000000.0 008 051121s1988 it u000 u ita u 013 $a120652 020 $a88-7644-111-5 040 $aSeMil$bita 100 1 $aNegri, Ada,$d<1870-1945>.$0(OLS)http://semarc/name/8281 245 13$aLa cacciatora :$be altri racconti /$cAda Negri ; a cura di Antonia Arslan e Anna Folli. 260 $aMilano :$bLibri Scheiwiller,$c1988. 300 $a95 p. ;$c17 cm. 490 0 $aVecchi tipi ;$v6 500 $aFondo Ciprandi. 700 1 $aFolli, Anna.$0(OLS)http://semarc/name/57952 700 1 $aArslan, Antonia,$d<1938- >.$0(OLS)http://semarc/name/25387 830 0$aVecchi tipi [Libri Scheiwiller] ;$v6.$0(OLS)http://semarc/title/10229 850 $aSeMil 852 $aSeMil$W1$xVenegono$y1$m1C II 146$j98073$B98073$CSeMilBibl$Z2$F105953 $81 941 1 $a1 961 $aOmaggio: Ciprandi dott. Paolo 996 $6020$a88-7644-111-5$9(OLS)http://semarc/number/133710 996 $6245$aLa cacciatora :$be altri racconti$9(OLS)http://semarc/title/212472 996 $6260$aMilano :$bLibri Scheiwiller$9(OLS)http://semarc/publisher/29791 LEADER 00907nam a2200217 i 4500 001 000000027681 003 CaOOAMICUS 005 20180830125447.0 008 180830s1896 it u000 u ita u 040 $aSeMil$bita 100 1 $aD'Annibale, Giuseppe <1815-1892>.$0(OLS)http://semarc/name/1460 245 10$aSummula theologiae moralis /$cauctore Iosepho D'Annibale. 250 $aEd. 4. 260 $aRomae :$bEx Typographia Polyglotta,$c1896-1897. 300 $a3 v. ;$c24 cm. 650 4$aTeologia morale.$0(OLS)http://semarc/subject/91 774 0 $tProlegomena.$gPars1$w()49126 774 0 $tObligationibus quae omnium hominum communes sunt.$gPars2$w()216959 774 0 $tDe rebus sacris et de officiis christianorum propriis.$gPars3$w()216960 996 $6245$aSummula theologiae moralis$9(OLS)http://semarc/title/37493 996 $6260$aRomae :$bEx Typographia Polyglotta$9(OLS)http://semarc/publisher/29969